[Event "Braila GP RO Stage 5"]
[Site "Braila"]
[Date "2022.11.05"]
[Round "1"]
[White "Manolache, Marius"]
[Black "Dumbrava, Victor Andrei"]
[Result "1-0"]
[WhiteElo "2454"]
[BlackElo "1799"]
[PlyCount "61"]
[EventDate "2022.11.05"]
[EventType "swiss (rapid)"]
[EventRounds "10"]
[EventCountry "ROU"]
[SourceTitle "EXT 2024"]
[Source "ChessBase"]
[SourceDate "2023.10.10"]
[SourceVersion "1"]
[SourceVersionDate "2023.10.10"]
[SourceQuality "1"]

1. d4 d5 2. Nf3 Nf6 3. c4 e6 4. Nc3 c6 5. g3 Bd6 6. Bg2 Nbd7 7. b3 0-0 8. 0-0 Qe7 9. Qc2 Re8 10. e4 dxc4 11. e5 cxb3 12. exd6 bxc2 13. dxe7 Rxe7 14. Ba3 Re8 15. Rac1 Nb6 16. Rxc2 Nfd5 17. Ne4 a6 18. Ne5 f6 19. Nd3 Rd8 20. Rb1 Na4 21. Ndc5 Nxc5 22. Bxc5 e5 23. dxe5 fxe5 24. Rd2 b5 25. Rc1 Be6 26. Bd6 Rac8 27. Bxe5 Nb4 28. Rcd1 Rxd2 29. Rxd2 Nxa2 30. Nc5 Bc4 31. Rd7 1-0

[Event "Jupiter Fisca op"]
[Site "Jupiter"]
[Date "2019.06.22"]
[Round "1"]
[White "David, Alexandru Vasile"]
[Black "Dumbrava, Victor Andrei"]
[Result "1-0"]
[WhiteElo "2428"]
[BlackElo "1752"]
[PlyCount "75"]
[EventDate "2019.06.22"]
[EventType "swiss"]
[EventRounds "9"]
[EventCountry "ROU"]
[SourceTitle "CBM 191 Extra"]
[Source "ChessBase"]
[SourceDate "2019.09.30"]
[SourceVersion "1"]
[SourceVersionDate "2019.09.30"]
[SourceQuality "1"]

1. d4 d5 2. c4 e6 3. Nc3 c6 4. Nf3 Nf6 5. Bg5 Be7 6. e3 Nbd7 7. cxd5 exd5 8. Qc2 0-0 9. Bd3 Re8 10. h3 Nf8 11. Bf4 Ng6 12. Bh2 Bd6 13. Bxd6 Qxd6 14. 0-0-0 b5 15. Kb1 a5 16. g4 Re7 17. g5 Ne8 18. Rdg1 Nc7 19. h4 Na6 20. h5 Nb4 21. Qd2 Nf8 22. Ka1 Nxd3 23. Qxd3 a4 24. e4 b4 25. e5 Qd7 26. Ne2 Ba6 27. Qe3 a3 28. b3 Qf5 29. Rc1 Rc7 30. Nh4 Qd7 31. g6 h6 32. Nf4 Re8 33. gxf7+ Qxf7 34. Rhg1 Nh7 35. e6 Qe7 36. Nf5 Qd8 37. Nxh6+ Kf8 38. Ng6# 1-0

[Event "ROM-ch U14"]
[Site "Calimanesti Caciulata"]
[Date "2019.04.21"]
[Round "8"]
[White "Pirvu, Christian"]
[Black "Dumbrava, Victor Andrei"]
[Result "1-0"]
[WhiteElo "1716"]
[BlackElo "1682"]
[PlyCount "75"]
[EventDate "2019.04.15"]
[EventType "swiss"]
[EventRounds "9"]
[EventCountry "ROU"]
[SourceTitle "CBM 190 Extra"]
[Source "ChessBase"]
[SourceDate "2019.07.15"]
[SourceVersion "1"]
[SourceVersionDate "2019.07.15"]
[SourceQuality "1"]

1. e4 c5 2. Nf3 e6 3. c3 d5 4. exd5 Qxd5 5. d4 Nf6 6. Be3 cxd4 7. Bxd4 Nbd7 8. Be2 a6 9. Nbd2 Bd6 10. a4 b6 11. 0-0 0-0 12. Re1 Bb7 13. h3 e5 14. Be3 Qc6 15. Bf1 Rfe8 16. Nc4 Bc7 17. Ncd2 Rad8 18. Qc2 Nc5 19. Bg5 h6 20. Bh4 e4 21. Nd4 Qd6 22. Bg3 Qd7 23. Bxc7 Qxc7 24. Nc4 Bd5 25. Ne3 Qf4 26. b4 Ne6 27. Nxe6 Rxe6 28. Bxa6 Re5 29. Rad1 Rg5 30. Bf1 Re8 31. Qd3 Qh4 32. Kh1 Be6 33. Qe2 Nh5 34. g3 Nxg3+ 35. fxg3 Rxg3 36. Qh2 Bxh3 37. Nf5 Qg4 38. Nxg3 1-0

[Event "ROM-ch U14"]
[Site "Calimanesti Caciulata"]
[Date "2019.04.20"]
[Round "7"]
[White "Dumbrava, Victor Andrei"]
[Black "Danila, Stefan"]
[Result "1/2-1/2"]
[WhiteElo "1682"]
[BlackElo "1794"]
[PlyCount "111"]
[EventDate "2019.04.15"]
[EventType "swiss"]
[EventRounds "9"]
[EventCountry "ROU"]
[SourceTitle "CBM 190 Extra"]
[Source "ChessBase"]
[SourceDate "2019.07.15"]
[SourceVersion "1"]
[SourceVersionDate "2019.07.15"]
[SourceQuality "1"]

1. e4 c5 2. c4 g6 3. Nc3 Nc6 4. g3 Bg7 5. Bg2 Nf6 6. Nge2 0-0 7. d3 d6 8. h3 Ne8 9. Be3 Nc7 10. 0-0 Rb8 11. Rc1 b5 12. b3 a6 13. Kh2 Ne6 14. Qd2 Ned4 15. Bxd4 Nxd4 16. Nxd4 Bxd4 17. Ne2 Bf6 18. f4 bxc4 19. Rxc4 Be6 20. Ra4 Qb6 21. Qe3 Bd7 22. Rc4 Bb5 23. Rc2 Bd4 24. Nxd4 cxd4 25. Qd2 Rbc8 26. Rfc1 Bd7 27. Rc4 Be6 28. Rxc8 Rxc8 29. Rxc8+ Bxc8 30. Kg1 Qc5 31. Kf2 e5 32. f5 Kg7 33. g4 f6 34. Ke2 g5 35. Kd1 Kf7 36. Qc2 Ke7 37. b4 Qxc2+ 38. Kxc2 Bd7 39. Kb3 Be8 40. Bf3 Kd8 41. Bd1 Kc7 42. Kb2 Bb5 43. Bc2 Kb7 44. a4 Bc6 45. Bb3 Ka7 46. Ka3 Kb6 47. Bc4 a5 48. Kb3 Be8 49. Be6 axb4 50. Kxb4 Bc6 51. a5+ Ka7 52. Bc4 Be8 53. Be6 Ka6 54. Bc8+ Ka7 55. Kc4 Bc6 56. Be6 1/2-1/2

[Event "ROM-ch U14"]
[Site "Calimanesti Caciulata"]
[Date "2019.04.19"]
[Round "6"]
[White "Melinte, Rares Andrei"]
[Black "Dumbrava, Victor Andrei"]
[Result "0-1"]
[WhiteElo "1625"]
[BlackElo "1682"]
[PlyCount "68"]
[EventDate "2019.04.15"]
[EventType "swiss"]
[EventRounds "9"]
[EventCountry "ROU"]
[SourceTitle "CBM 190 Extra"]
[Source "ChessBase"]
[SourceDate "2019.07.15"]
[SourceVersion "1"]
[SourceVersionDate "2019.07.15"]
[SourceQuality "1"]

1. d4 d5 2. c4 e6 3. Nf3 c6 4. e3 Bd6 5. Bd3 f5 6. 0-0 Nf6 7. Nc3 0-0 8. Ne2 Ne4 9. Ne5 Nd7 10. f3 Bxe5 11. dxe5 Nec5 12. f4 Nb6 13. cxd5 Nxd5 14. Bc2 b6 15. Nd4 Ba6 16. Re1 Qe8 17. a3 Rc8 18. e4 fxe4 19. Qg4 h5 20. Qg5 Bd3 21. Bxd3 exd3 22. b4 d2 23. Bxd2 Nd3 24. Rf1 c5 25. Ne2 cxb4 26. axb4 a5 27. bxa5 Rc2 28. f5 exf5 29. Nd4 Rc4 30. Nxf5 Qxe5 31. Nh6+ Kh7 32. Nf5 N5f4 33. Bxf4 Nxf4 34. g4 Nh3+ 0-1

[Event "ROM-ch U14"]
[Site "Calimanesti Caciulata"]
[Date "2019.04.18"]
[Round "5"]
[White "Dumbrava, Victor Andrei"]
[Black "Antonica, Dragos Andrei"]
[Result "0-1"]
[WhiteElo "1682"]
[BlackElo "2130"]
[PlyCount "112"]
[EventDate "2019.04.15"]
[EventType "swiss"]
[EventRounds "9"]
[EventCountry "ROU"]
[SourceTitle "CBM 190 Extra"]
[Source "ChessBase"]
[SourceDate "2019.07.15"]
[SourceVersion "1"]
[SourceVersionDate "2019.07.15"]
[SourceQuality "1"]

1. e4 e6 2. d4 d5 3. e5 c5 4. c3 Nc6 5. Nf3 Qb6 6. a3 Bd7 7. b4 c4 8. g3 a5 9. Bb2 f5 10. Nbd2 Nh6 11. Be2 Nf7 12. h4 Be7 13. Nf1 0-0-0 14. Bc1 h6 15. Be3 g5 16. Qc1 gxh4 17. Nxh4 Bg5 18. f4 Bxh4 19. Rxh4 Rdg8 20. Bh5 Be8 21. Qd2 Ng5 22. fxg5 hxg5 23. Bxg5 Rxh5 24. Rxh5 Bxh5 25. Nh2 Qc7 26. Qf4 Qg7 27. Bh4 Ne7 28. Bxe7 Qxe7 29. Kf2 Kc7 30. Qh6 f4 31. Rg1 fxg3+ 32. Rxg3 Qf7+ 33. Kg2 Bg6 34. Nf3 Be4 35. Qf6 Qxf6 36. exf6 Rf8 37. Rg7+ Kd6 38. Kg3 Bxf3 39. Kxf3 Rxf6+ 40. Ke3 axb4 41. axb4 Kc6 42. Re7 b6 43. Re8 Kb5 44. Rb8 Rf1 45. Re8 Ka4 46. Ke2 Rf6 47. Rb8 b5 48. Rb6 Rh6 49. Kd2 Kb3 50. Rxb5 Rh2+ 51. Ke3 Kxc3 52. Rb6 Rh3+ 53. Kf4 Kxd4 54. Rxe6 Rb3 55. Rb6 c3 56. Rb8 c2 0-1

[Event "ROM-ch U12"]
[Site "Baile Felix"]
[Date "2017.02.09"]
[Round "9"]
[White "Chiric, David"]
[Black "Dumbrava, Victor Andrei"]
[Result "1/2-1/2"]
[WhiteElo "1262"]
[BlackElo "1359"]
[PlyCount "55"]
[EventDate "2017.02.02"]
[EventType "swiss"]
[EventRounds "9"]
[EventCountry "ROU"]
[SourceTitle "CBM 176 Extra"]
[Source "ChessBase"]
[SourceDate "2017.03.02"]
[SourceVersion "1"]
[SourceVersionDate "2017.03.02"]
[SourceQuality "1"]

1. c4 e5 2. Nc3 Bc5 3. e3 Nc6 4. a3 a5 5. g3 d6 6. Nge2 Bg4 7. d3 Bf3 8. Rg1 Nge7 9. Bg2 Bxg2 10. Rxg2 Ba7 11. Bd2 f5 12. Qc2 Qd7 13. 0-0-0 0-0 14. f4 d5 15. cxd5 Nxd5 16. Qb3 Nce7 17. e4 a4 18. Nxa4 Kh8 19. exd5 Nxd5 20. fxe5 Ne3 21. Bxe3 Bxe3+ 22. Kb1 Qc6 23. Nf4 Bxf4 24. Rc2 Qxa4 25. Qxa4 Rxa4 26. gxf4 c6 27. Rf2 Rd8 28. e6 1/2-1/2

[Event "ROM-ch U12"]
[Site "Baile Felix"]
[Date "2017.02.04"]
[Round "3"]
[White "Menlibai, Deniz Edvin"]
[Black "Dumbrava, Victor Andrei"]
[Result "1/2-1/2"]
[WhiteElo "1511"]
[BlackElo "1359"]
[PlyCount "70"]
[EventDate "2017.02.02"]
[EventType "swiss"]
[EventRounds "9"]
[EventCountry "ROU"]
[SourceTitle "CBM 176 Extra"]
[Source "ChessBase"]
[SourceDate "2017.03.02"]
[SourceVersion "1"]
[SourceVersionDate "2017.03.02"]
[SourceQuality "1"]

1. e4 c5 2. Nf3 e6 3. d4 cxd4 4. Nxd4 Nc6 5. Be3 a6 6. Nc3 Qc7 7. Be2 Nf6 8. 0-0 Be7 9. Qd2 0-0 10. a3 Re8 11. f4 d6 12. Rad1 Bf8 13. Bf3 Rb8 14. Kh1 Bd7 15. Rg1 Red8 16. g4 g6 17. g5 Ne8 18. h4 b5 19. h5 Bg7 20. hxg6 fxg6 21. Qh2 Nxd4 22. Bxd4 Bxd4 23. Rxd4 Qc5 24. Rd3 b4 25. axb4 Rxb4 26. b3 Bb5 27. Nxb5 Rxb5 28. Rg3 Rc8 29. Bg4 Ng7 30. Rd2 Qb4 31. Bf3 Rc3 32. Rh3 Re3 33. Qf2 Rc3 34. Qh2 Re3 35. Qf2 Rc3 1/2-1/2

[Event "ROM-ch U12"]
[Site "Calimanesti Caciulata"]
[Date "2016.04.25"]
[Round "9"]
[White "Dumbrava, Victor Andrei"]
[Black "Ilisei, Alexandru Stefan"]
[Result "0-1"]
[WhiteElo "1283"]
[BlackElo "1074"]
[PlyCount "66"]
[EventDate "2016.04.18"]
[EventType "swiss"]
[EventRounds "9"]
[EventCountry "ROU"]
[SourceTitle "EXT 2017"]
[Source "ChessBase"]
[SourceDate "2016.10.25"]
[SourceVersion "1"]
[SourceVersionDate "2016.10.25"]
[SourceQuality "1"]

1. e4 e5 2. Nf3 Nc6 3. Bc4 Bc5 4. d3 h6 5. Nc3 d6 6. 0-0 Nf6 7. h3 0-0 8. Be3 Be6 9. Bb3 Bb6 10. Qe2 d5 11. exd5 Bxd5 12. Nxd5 Nxd5 13. Bd2 Nd4 14. Nxd4 exd4 15. Qe4 c6 16. Qg4 f5 17. Qg3 Bc7 18. Qf3 Qd6 19. g3 Qg6 20. Bxd5+ cxd5 21. Qxd5+ Qf7 22. Qxd4 Rad8 23. Qxa7 Bb8 24. Qa3 Qg6 25. Kg2 f4 26. Qb3+ Kh8 27. d4 f3+ 28. Kh2 Rxd4 29. Be3 Rh4 30. Qxb7 Rxh3+ 31. Kg1 Rxg3+ 32. fxg3 Qxg3+ 33. Kh1 Qg2# 0-1

[Event "ROM-ch U12"]
[Site "Calimanesti Caciulata"]
[Date "2016.04.19"]
[Round "2"]
[White "Margarit, Ionut Stefan"]
[Black "Dumbrava, Victor Andrei"]
[Result "1/2-1/2"]
[WhiteElo "1163"]
[BlackElo "1283"]
[PlyCount "74"]
[EventDate "2016.04.18"]
[EventType "swiss"]
[EventRounds "9"]
[EventCountry "ROU"]
[SourceTitle "CBM 172 Extra"]
[Source "ChessBase"]
[SourceDate "2016.06.21"]
[SourceVersion "1"]
[SourceVersionDate "2016.06.21"]
[SourceQuality "1"]

1. d4 f5 2. Nf3 Nf6 3. Bf4 d6 4. e3 g6 5. c4 e6 6. Nc3 a6 7. Be2 b6 8. 0-0 Bb7 9. Qc2 Bg7 10. Ng5 Qe7 11. h3 0-0 12. Nf3 Nbd7 13. Rad1 h6 14. Bh2 Kh7 15. Nd2 Rad8 16. Bf3 Bxf3 17. Nxf3 Rde8 18. Rfe1 Qf7 19. b3 e5 20. dxe5 dxe5 21. Nd5 Nxd5 22. Rxd5 a5 23. Red1 Re7 24. Bg3 Rfe8 25. Bh4 Bf6 26. Bxf6 Nxf6 27. R5d2 Kg7 28. Kh1 Kh7 29. Kg1 Ne4 30. Re2 Kg7 31. Nd2 Nf6 32. Nf3 Qe6 33. c5 Nd7 34. cxb6 cxb6 35. Qc4 Qxc4 36. bxc4 Rc8 37. Red2 Rc7 1/2-1/2